000 00416nam a22001817a 4500
003 MPLRDC
005 20220104164207.0
008 210129b ||||| |||| 00| 0 eng d
020 _a0-553-20135-2
082 _a870.57 KOE
100 _aARTHUR KOESTLER
245 _aDARKNESS AT NOON
_c
250 _a第十九版
260 _a
_bBANTAM BOOKS
_c1981
300 _b
650 _a
942 _cBK
_o870.57 KOE
999 _c56842
_d56832